Statistics for NBA 75 Members who played for the Warriors

Click here to take the quiz!

General Stats

  • This quiz has been taken 105 times
    (48 since last reset)
  • The average score is 4 of 7

Answer Stats

Player% Correct
Stephen Curry
98%
Wilt Chamberlain
91%
Rick Barry
65%
Kevin Durant
63%
Nate Thurmond
37%
Paul Arizin
37%
Robert Parish
11%

Score Distribution

Percentile by Number Answered

Percent of People with Each Score

Your Score History

You have not taken this quiz since the last reset